| 000 | 00349nam a2200145Ia 4500 | ||
|---|---|---|---|
| 008 | 150201s1989 xx 000 0 und d | ||
| 082 |
_a611 _bS1989R |
||
| 100 | _aRAMCHANDERNAN | ||
| 245 | _aSELECTED QUIZ IN ANATOMY | ||
| 250 | _a2ND | ||
| 260 |
_bJAYPEE MEDICAL PUBLISHER _aDELHI _c1989 |
||
| 300 | _a1-131 | ||
| 650 | _aANATOMY | ||
| 942 |
_2ddc _cBK |
||
| 999 |
_c2509 _d2509 |
||